000 03588nam a2200421 a 4500
001 12722
003 BD-JhCC
005 20230509083922.0
008 23 t20182018onca b 001 0 eng d
020 _z9780141988511
035 _a(BD-JhCC)12722
040 _aYDX
_beng
_cYDX
_erda
_dBDX
_dHQD
_dOCLCO
_dHBP
_dFMB
_dIEP
_dOQX
_dFM0
_dZAC
_dIGA
_dPRSPR
_dKYC
_dUAB
_dIUK
_dXYZ
_dPFLCL
_dWLU
_dCELIN
_dLIV
_dCGP
_dYDX
_dJAG
_dTSC
_dTJZ
_dJP7
_dHHO
_dISX
_dJAH
_dOD9
_dOCP
_dGK8
_dOCLCQ
_dOJ3
_dJOY
_dALD
_dMSO
_dLLCLS
_dDLC
_dBD-JhCC
055 0 _aBJ1589
_bP48 2018
082 0 4 _a170/.44
_223
_bPET 2018
100 1 _aPeterson, Jordan B.,
_eauthor.
245 1 0 _a12 rules for life :
_ban antidote to chaos /
_cJordan B. Peterson ; foreword by Norman Doidge ; illustrations by Ethan Van Sciver.
246 3 _aTwelve rules for life :
_ban antidote to chaos /
264 1 _aToronto :
_bPengine Books,
_c[2018]
264 4 _c©2018
300 _axxxv, 409 pages :
_billustrations ;
_c24 cm
336 _atext
_btxt
_2rdacontent
337 _aunmediated
_bn
_2rdamedia
338 _avolume
_bnc
_2rdacarrier
500 _a"Issued in print and electronic formats"--Title page verso.
504 _aIncludes bibliographical references (pages 371-389) and index.
505 0 _aStand up straight with your shoulders back -- Treat yourself like someone you are responsible for helping -- Make friends with people who want the best for you -- Compare yourself to who you were yesterday, not to who someone else is today -- Do not let your children do anything that makes you dislike them -- Set your house in perfect order before you criticize the world -- Pursue what is meaningful (not what is expedient) -- Tell the truth--or, at least, don't lie -- Assume that the person you are listening to might know something you don't -- Be precise in your speech -- Do not bother children when they are skateboarding -- Pet a cat when you encounter one on the street.
520 _a"What does everyone in the modern world need to know? Renowned psychologist Jordan B. Peterson's answer to this most difficult of questions uniquely combines the hard-won truths of ancient tradition with the stunning revelations of cutting-edge scientific research. Humorous, surprising and informative, Dr. Peterson tells us why skateboarding boys and girls must be left alone, what terrible fate awaits those who criticize too easily, and why you should always pet a cat when you meet one on the street. What does the nervous system of the lowly lobster have to tell us about standing up straight (with our shoulders back) and about success in life? Why did ancient Egyptians worship the capacity to pay careful attention as the highest of gods? What dreadful paths do people tread when they become resentful, arrogant and vengeful? Dr. Peterson journeys broadly, discussing discipline, freedom, adventure and responsibility, distilling the world's wisdom into 12 practical and profound rules for life. [This book] shatters the modern commonplaces of science, faith and human nature, while transforming and ennobling the mind and spirit of its readers."--
_cProvided by publisher.
650 0 _aConduct of life
_xPhilosophy.
650 1 _aConduct of life
_xPhilosophy.
650 4 _aConduct of life.
650 7 _aPHILOSOPHY
_xSocial.
_2bisacsh
650 7 _aPSYCHOLOGY
_xApplied Psychology.
_2bisacsh
650 7 _aSELF-HELP
_xPersonal Growth.
_2bisacsh
700 1 _aDoidge, Norman,
_ewriter of foreword.
700 1 _aVan Sciver, Ethan,
_eillustrator.
776 1 _aPeterson, Jordan B.
_t12 rules for life.
_w(CaOONL)20179051075
942 _2ddc
_cBK
999 _c12722
_d12722